Find the African Countries Without 'U' Quiz Stats

 Plays Quiz not verified by Sporcle

Score 0/37 Timer 04:00
0 Plays Today
% Correct
Libya
98.4%
Egypt
98.4%
Algeria
97.7%
Morocco
96.1%
Somalia
94.4%
Niger
94.1%
Kenya
93.8%
Ethiopia
93.8%
Tanzania
93.4%
Chad
93.4%
Nigeria
93.4%
Mali
93.1%
Eritrea
92.1%
Madagascar
92.1%
Namibia
92.1%
Zambia
92.1%
Benin
91.8%
Angola
91.5%
Ghana
91.1%
% Correct
Senegal
91.1%
Cameroon
90.8%
Togo
90.8%
Zimbabwe
90.8%
Gabon
90.5%
Botswana
90.5%
Côte d'Ivoire
90.2%
Lesotho
88.9%
Comoros
88.2%
Liberia
87.9%
Seychelles
87.2%
Swaziland
87.2%
Sierra Leone
86.6%
Rwanda
85.9%
The Gambia
84.6%
Malawi
83.9%
Cabo Verde
81.3%
São Tomé and Príncipe
78.7%

You're not logged in!

Compare scores with friends on all Sporcle quizzes.
OR
Log In

Sporcle TV

Today on Sporcle TV


Watch our educational content, quiz creation guides, and fun videos on Sporcle TV.

Show Comments

Extras

Top Quizzes Today


Score Distribution

Your Account Isn't Verified!

In order to create a playlist on Sporcle, you need to verify the email address you used during registration. Go to your Sporcle Settings to finish the process.

Report this User

Report this user for behavior that violates our Community Guidelines.

Details: